000
00292nam a22001337a 4500
008
170830b xxu||||| |||| 00| 0 eng d
020
_a
2900312472824
041
_a
eng
080
_2
4TH
_a
070
100
_a
40
101
_a
MED
245
_a
SPEAKER'S GUIDEBOOK
_c
O'HAIR,D
942
_2
udc
_c
BK
999
_c
25562
_d
25562